[Event "0MCR_3DE_2L_2S"]
[Site "?"]
[Date "2003.??.??"]
[Round "?"]
[White "Pensimus, Petr"]
[Black "Gutman, Petr"]
[Result "0-1"]
[WhiteElo "1895"]
[BlackElo "2000"]
[PlyCount "56"]
[EventDate "2003.??.??"]
[EventType "corr"]
[EventRounds "2"]
[SourceDate "2004.06.03"]

1. e4 c5 2. c3 d5 3. exd5 Qxd5 4. d4 Nf6 5. Be3 Ng4 6. Bb5+ Nc6 7. Qf3 Nxe3 8.
fxe3 e6 9. e4 Qg5 10. Ne2 cxd4 11. Bxc6+ bxc6 12. cxd4 Bb4+ 13. Nbc3 e5 14. O-O
O-O 15. dxe5 Qxe5 16. Rad1 Ba6 17. Qf5 f6 18. Qxe5 fxe5 19. Rxf8+ Rxf8 20. Ng3
Bc5+ 21. Kh1 g6 22. Rd7 h5 23. a3 h4 24. b4 hxg3 25. hxg3 Rf1+ 26. Kh2 Bg1+ 27.
Kh3 Bc8 28. Kh4 Bxd7 0-1

[Event "0MCR_3DE_2L_2S"]
[Site "?"]
[Date "2003.??.??"]
[Round "?"]
[White "Pensimus, Petr"]
[Black "Holasek, Pavel"]
[Result "1-0"]
[WhiteElo "1895"]
[BlackElo "1800"]
[PlyCount "103"]
[EventDate "2003.??.??"]
[EventType "corr"]
[EventRounds "2"]
[SourceDate "2004.06.03"]

1. e4 c5 2. c3 d6 3. d4 Nf6 4. Bd3 g6 5. Ne2 Bg7 6. O-O O-O 7. Nd2 Nc6 8. f4
cxd4 9. Nxd4 e5 10. fxe5 dxe5 11. Nxc6 Qb6+ 12. Kh1 Qxc6 13. Qe2 Be6 14. Nf3
Nd7 15. Ng5 Nc5 16. Bb5 Qc7 17. Be3 a6 18. Bc4 Nxe4 19. Nxe6 fxe6 20. Bxe6+ Kh8
21. Rad1 Rad8 22. Rxd8 Qxd8 23. Rxf8+ Qxf8 24. Bd5 Nc5 25. Bxc5 Qxc5 26. Bxb7
a5 27. Be4 Bh6 28. h4 Bf4 29. h5 Qe7 30. Qg4 gxh5 31. Qxh5 Bg3 32. b4 axb4 33.
cxb4 Qc7 34. Qg5 Bf4 35. Qf6+ Qg7 36. Qd8+ Qg8 37. Qh4 h6 38. Qf6+ Qg7 39. Qd8+
Qg8 40. Qd7 Qg7 41. Qf5 Qe7 42. g3 Bxg3 43. b5 Bf4 44. a4 Be3 45. a5 Kg7 46.
Kg2 Bd4 47. Qg6+ Kf8 48. Qxh6+ Qg7+ 49. Qxg7+ Kxg7 50. b6 Kf6 51. Kf3 Ke6 52.
Ke2 1-0

[Event "0MCR_3DE_2L_2S"]
[Site "?"]
[Date "2003.??.??"]
[Round "?"]
[White "Pensimus, Petr"]
[Black "Markytan, Vladislav"]
[Result "0-1"]
[WhiteElo "1895"]
[BlackElo "1900"]
[PlyCount "60"]
[EventDate "2003.??.??"]
[EventType "corr"]
[EventRounds "2"]
[SourceDate "2004.06.03"]

1. e4 e6 2. d4 d5 3. Nd2 Nf6 4. e5 Nfd7 5. f4 c5 6. c3 Nc6 7. Ndf3 Qb6 8. Ne2
f6 9. g3 cxd4 10. Nexd4 fxe5 11. Nxc6 bxc6 12. fxe5 Be7 13. Be2 O-O 14. Rf1 Qb8
15. Qa4 c5 16. Qc6 Nb6 17. Qb5 a5 18. Be3 Qc7 19. Qb3 a4 20. Qc2 Ba6 21. Bxa6
Rxa6 22. h3 Nc4 23. Qe2 Rb6 24. Bc1 Rf5 25. Rf2 Nxe5 26. Nxe5 Rxe5 27. Be3 d4
28. cxd4 cxd4 29. Rc1 Qb7 30. Qc4 Bc5 0-1

[Event "0MCR_3DE_2L_2S"]
[Site "?"]
[Date "2003.??.??"]
[Round "?"]
[White "Pensimus, Petr"]
[Black "Novak, Vaclav"]
[Result "0-1"]
[WhiteElo "1895"]
[BlackElo "1795"]
[PlyCount "52"]
[EventDate "2003.??.??"]
[EventType "corr"]
[EventRounds "2"]
[SourceDate "2004.06.03"]

1. e4 c5 2. c3 d5 3. exd5 Qxd5 4. d4 Nf6 5. Be3 cxd4 6. Bxd4 e5 7. Qe2 Nc6 8.
Nf3 Bg4 9. h3 Bxf3 10. gxf3 Nxd4 11. cxd4 Bb4+ 12. Nc3 Qxd4 13. Qb5+ Kf8 14.
Qd3 Nd5 15. Qxd4 exd4 16. O-O-O Nxc3 17. Rxd4 Bc5 18. Rc4 Nxa2+ 19. Kb1 Bxf2
20. Kxa2 Bg3 21. f4 Re8 22. Rc7 Bxf4 23. Rxb7 Re7 24. Rxe7 Kxe7 25. Bg2 Be5 26.
Ba8 Rxa8 0-1

[Event "0MCR_3DE_2L_2S"]
[Site "?"]
[Date "2003.??.??"]
[Round "?"]
[White "Pensimus, Petr"]
[Black "Paukert, Martin"]
[Result "0-1"]
[WhiteElo "1895"]
[BlackElo "2030"]
[PlyCount "82"]
[EventDate "2003.??.??"]
[EventType "corr"]
[EventRounds "2"]
[SourceDate "2004.06.03"]

1. e4 e5 2. Nf3 Nf6 3. Nxe5 d6 4. Nf3 Nxe4 5. d4 d5 6. Bd3 Bd6 7. O-O O-O 8. c4
c6 9. Re1 Bg4 10. cxd5 cxd5 11. Bxe4 dxe4 12. Rxe4 Bxf3 13. Qxf3 Qc7 14. Nc3
Bxh2+ 15. Kh1 Bd6 16. Nb5 Qd7 17. Rg4 Qxb5 18. Bh6 Qh5+ 19. Qh3 Qxh3+ 20. gxh3
g6 21. Bxf8 Kxf8 22. d5 Nd7 23. Rc1 Re8 24. Rc2 Nf6 25. Ra4 a6 26. Rd4 Re5 27.
Rcd2 Ke7 28. b4 Rf5 29. Kg2 Rf4 30. R4d3 Rxb4 31. Re3+ Kd7 32. Rf3 Rf4 33. Rb3
b5 34. f3 Nh5 35. Kf1 Rh4 36. Rc2 Rxh3 37. a3 Rh1+ 38. Ke2 Nf4+ 39. Kd2 Nxd5
40. Rd3 Nb6 41. Kc3 h5 0-1

[Event "0MCR_3DE_2L_3S"]
[Site "?"]
[Date "2003.??.??"]
[Round "?"]
[White "Glaser, Karel"]
[Black "Hrubcik, Martin"]
[Result "1/2-1/2"]
[WhiteElo "2080"]
[BlackElo "2000"]
[PlyCount "38"]
[EventDate "2003.??.??"]
[EventType "corr"]
[EventRounds "2"]
[SourceDate "2004.06.03"]

1. e4 c6 2. d4 d5 3. e5 Bf5 4. Nf3 e6 5. Be2 c5 6. O-O Nc6 7. c3 cxd4 8. cxd4
Nge7 9. Nc3 Nc8 10. Be3 Be7 11. Rc1 Nb6 12. Na4 Nxa4 13. Qxa4 Qb6 14. Bb5 O-O
15. Bxc6 bxc6 16. Rxc6 Qxb2 17. Rc7 Qa3 18. Qxa3 Bxa3 19. Bc1 Bb4 1/2-1/2

[Event "0MCR_3DE_2L_3S"]
[Site "?"]
[Date "2003.??.??"]
[Round "?"]
[White "Glaser, Karel"]
[Black "Kural, Jaroslav"]
[Result "0-1"]
[WhiteElo "2080"]
[BlackElo "2000"]
[PlyCount "114"]
[EventDate "2003.??.??"]
[EventType "corr"]
[EventRounds "2"]
[SourceDate "2004.06.03"]

1. e4 c5 2. Nf3 d6 3. d4 cxd4 4. Nxd4 Nf6 5. Nc3 a6 6. Bg5 e6 7. f4 Qc7 8. Qf3
b5 9. Bxf6 gxf6 10. e5 d5 11. exf6 b4 12. Nce2 Nd7 13. f5 e5 14. Ne6 fxe6 15.
fxe6 Nxf6 16. Qxf6 Rg8 17. O-O-O Rg6 18. Qf7+ Qxf7 19. exf7+ Kxf7 20. Rxd5 Be6
21. Rd3 Rc8 22. Ng3 Bxa2 23. Rf3+ Kg8 24. Bd3 Re6 25. Ne4 Bh6+ 26. Kd1 Rec6 27.
Rhf1 Bb1 28. R1f2 b3 29. c3 Rd8 30. Ke2 Bc2 31. Rf1 Kh8 32. g4 Bf4 33. h4 Rc7
34. Ra1 Rcd7 35. Nf2 a5 36. Bc4 a4 37. Rxa4 Bc1 38. Nd3 e4 39. Rf8+ Rxf8 40.
Nxc1 e3 41. Ra6 Bd1+ 42. Kxe3 Rf3+ 43. Ke4 Rxc3 44. Ra8+ Kg7 45. Rg8+ Kf6 46.
g5+ Ke7 47. Rg7+ Kd6 48. Rxd7+ Kxd7 49. Bb5+ Kd6 50. Nd3 Rc2 51. Ke3 Rh2 52.
Nf2 Bc2 53. Be2 Rxh4 54. Bg4 Ke5 55. Bc8 Ra4 56. Nd3+ Bxd3 57. Kxd3 Ra7 0-1

[Event "0MCR_3DE_2L_3S"]
[Site "?"]
[Date "2003.??.??"]
[Round "?"]
[White "Glaser, Karel"]
[Black "Mika, Petr"]
[Result "1/2-1/2"]
[WhiteElo "2080"]
[BlackElo "1800"]
[PlyCount "64"]
[EventDate "2003.??.??"]
[EventType "corr"]
[EventRounds "2"]
[SourceDate "2004.06.03"]

1. e4 e6 2. d4 d5 3. Nc3 Bb4 4. e5 Qd7 5. Qg4 f5 6. Qg3 b6 7. a3 Bxc3+ 8. bxc3
Ba6 9. Bxa6 Nxa6 10. Ne2 c5 11. Nf4 Kf7 12. O-O Ne7 13. a4 Ng6 14. Nxg6 hxg6
15. Bf4 Rac8 16. Rfc1 cxd4 17. cxd4 Rc4 18. a5 b5 19. c3 Qc6 20. Bd2 Nb8 21.
Qf3 a6 22. Rcb1 Qc7 23. Rb4 Rh4 24. Rb3 Nc6 25. h3 b4 26. Rab1 Qxa5 27. Qg3 Rh5
28. cxb4 Qb5 29. Be3 Nxd4 30. Bxd4 Rxd4 31. Qe3 Rhh4 32. g4 Rc4 1/2-1/2

[Event "0MCR_3DE_2L_3S"]
[Site "?"]
[Date "2003.??.??"]
[Round "?"]
[White "Glaser, Karel"]
[Black "Minarik, Petr"]
[Result "0-1"]
[WhiteElo "2080"]
[BlackElo "1800"]
[PlyCount "58"]
[EventDate "2003.??.??"]
[EventType "corr"]
[EventRounds "2"]
[SourceDate "2004.06.03"]

1. e4 e5 2. Nf3 Nc6 3. Bb5 a6 4. Ba4 Nf6 5. O-O Be7 6. Re1 b5 7. Bb3 O-O 8. c3
d6 9. h3 Na5 10. Bc2 c5 11. d4 Qc7 12. Nbd2 cxd4 13. cxd4 Bb7 14. d5 Rac8 15.
Bd3 Nd7 16. Nf1 f5 17. Ng3 f4 18. Nf5 Bd8 19. Bd2 Nc4 20. Rc1 Nc5 21. Bxc4 bxc4
22. Rxc4 Qb8 23. Bb4 Nxe4 24. Rexe4 Rxc4 25. Bxd6 Qc8 26. Rxc4 Qxc4 27. Bxf8
Kxf8 28. Nxe5 Qxd5 29. b3 Qxg2# 0-1

[Event "0MCR_3DE_2L_3S"]
[Site "?"]
[Date "2003.??.??"]
[Round "?"]
[White "Glaser, Karel"]
[Black "Portych, Vaclav"]
[Result "1/2-1/2"]
[WhiteElo "2080"]
[BlackElo "2060"]
[PlyCount "94"]
[EventDate "2003.??.??"]
[EventType "corr"]
[EventRounds "2"]
[SourceDate "2004.06.03"]

1. e4 c5 2. Nf3 Nc6 3. d4 cxd4 4. Nxd4 Nf6 5. Nc3 e5 6. Ndb5 d6 7. Bg5 a6 8.
Na3 b5 9. Bxf6 gxf6 10. Nd5 f5 11. Bd3 Be6 12. O-O Bg7 13. Qh5 f4 14. c4 bxc4
15. Bxc4 O-O 16. Rac1 Rb8 17. b3 Qa5 18. Nb1 Qxa2 19. Nbc3 Qa5 20. Ra1 Qd8 21.
Rxa6 Nd4 22. Ra7 Kh8 23. Ne7 Bxc4 24. bxc4 Qb6 25. Rd7 Qc5 26. Ne2 f3 27. Nxd4
fxg2 28. Rd1 exd4 29. Nf5 Qxc4 30. Qg5 Be5 31. Nxd6 Bxd6 32. Qf6+ Kg8 33. Rxd6
Rb5 34. Kxg2 Qe2 35. R6xd4 Qg4+ 36. Kh1 Rg5 37. Qxg5+ Qxg5 38. Rg1 Qg6 39.
Rxg6+ hxg6 40. Kg2 Ra8 41. Kg3 Kg7 42. f4 Ra3+ 43. Kg4 Ra2 44. h3 Rg2+ 45. Kf3
Rg1 46. e5 Rf1+ 47. Kg2 Re1 1/2-1/2

[Event "0MCR_3DE_2L_3S"]
[Site "?"]
[Date "2003.??.??"]
[Round "?"]
[White "Glaser, Karel"]
[Black "Poslusny, Martin"]
[Result "1-0"]
[WhiteElo "2080"]
[BlackElo "1800"]
[PlyCount "95"]
[EventDate "2003.??.??"]
[EventType "corr"]
[EventRounds "2"]
[SourceDate "2004.06.03"]

1. e4 c5 2. Nf3 Nc6 3. d4 cxd4 4. Nxd4 Nf6 5. Nc3 e5 6. Ndb5 d6 7. Bg5 a6 8.
Na3 b5 9. Bxf6 gxf6 10. Nd5 f5 11. Bd3 Be6 12. O-O Bxd5 13. exd5 Ne7 14. c3 Bg7
15. Qh5 e4 16. Be2 b4 17. cxb4 Bxb2 18. Rab1 Bxa3 19. Rb3 Qb8 20. Rxa3 Qxb4 21.
Rxa6 Rxa6 22. Bxa6 f4 23. Qh6 Rg8 24. Qxf4 Nxd5 25. Qf5 Ne7 26. Qxh7 d5 27. Rc1
e3 28. fxe3 Rxg2+ 29. Kxg2 Qd2+ 30. Kf3 Qxc1 31. Bb5+ Kd8 32. Qh8+ Kc7 33. Qe5+
Kb6 34. Qb8+ Ka5 35. Bd3 Qc5 36. Qa8+ Kb6 37. Qd8+ Kc6 38. a4 Qb4 39. a5 f5 40.
h3 Qb3 41. Qe8+ Kd6 42. Bb5 Ke6 43. Bd7+ Kd6 44. Ba4 Qb4 45. Qd7+ Ke5 46. Qc7+
Ke6 47. Qb6+ Qd6 48. h4 1-0

[Event "0MCR_3DE_2L_3S"]
[Site "?"]
[Date "2003.??.??"]
[Round "?"]
[White "Glaser, Karel"]
[Black "Zednik, Martin"]
[Result "0-1"]
[WhiteElo "2080"]
[BlackElo "1800"]
[PlyCount "64"]
[EventDate "2003.??.??"]
[EventType "corr"]
[EventRounds "2"]
[SourceDate "2004.06.03"]

1. e4 e5 2. Nf3 Nc6 3. Bb5 a6 4. Ba4 Nf6 5. O-O Be7 6. Re1 b5 7. Bb3 O-O 8. c3
d6 9. h3 Na5 10. Bc2 c5 11. d4 Qc7 12. Nbd2 cxd4 13. cxd4 Nc6 14. a4 Bb7 15.
Qe2 exd4 16. Nb3 Nb4 17. Bb1 d3 18. Bxd3 bxa4 19. Rxa4 d5 20. e5 Ne4 21. Bb1
Rac8 22. Nfd4 Qxe5 23. f3 Bd6 24. fxe4 dxe4 25. Kf1 Bd5 26. Ra5 f5 27. Be3 Qg3
28. Rxd5 Nxd5 29. Bg1 Kh8 30. Qf2 Qg6 31. Rc1 Rxc1+ 32. Nxc1 f4 0-1

[Event "0MCR_3DE_2L_3S"]
[Site "?"]
[Date "2003.??.??"]
[Round "?"]
[White "Hrubcik, Martin"]
[Black "Glaser, Karel"]
[Result "0-1"]
[WhiteElo "2000"]
[BlackElo "2080"]
[PlyCount "82"]
[EventDate "2003.??.??"]
[EventType "corr"]
[EventRounds "2"]
[SourceDate "2004.06.03"]

1. e4 e5 2. f4 Nc6 3. Nf3 f5 4. exf5 e4 5. Ne5 Nf6 6. Bc4 Qe7 7. Bf7+ Kd8 8.
O-O Nxe5 9. fxe5 Qxe5 10. d4 exd3 11. Qxd3 Bd6 12. Bf4 Qc5+ 13. Be3 Bxh2+ 14.
Kh1 Qe7 15. Nd2 Qxf7 16. Kxh2 d6 17. Kg1 Bd7 18. Rae1 Re8 19. Bd4 Rxe1 20. Rxe1
Kc8 21. Ne4 Ng4 22. Ng3 Nh6 23. Rf1 a6 24. Qe4 Ng8 25. Qh4 Bb5 26. Rf4 b6 27.
a4 Bc6 28. Ne4 Kb7 29. Qxh7 Bxe4 30. Rxe4 Nf6 31. Bxf6 Qxf6 32. c3 Qg5 33. a5
Rf8 34. axb6 Kxb6 35. Qg6 Rxf5 36. Rb4+ Kc5 37. Qxg5 Rxg5 38. Ra4 Kb6 39. Kf2
Rb5 40. b4 Re5 41. Ra3 Re4 0-1

[Event "0MCR_3DE_2L_3S"]
[Site "?"]
[Date "2003.??.??"]
[Round "?"]
[White "Hrubcik, Martin"]
[Black "Kural, Jaroslav"]
[Result "0-1"]
[WhiteElo "2000"]
[BlackElo "2000"]
[PlyCount "60"]
[EventDate "2003.??.??"]
[EventType "corr"]
[EventRounds "2"]
[SourceDate "2004.06.03"]

1. e4 c5 2. Nf3 d6 3. d4 cxd4 4. Nxd4 Nf6 5. Nc3 a6 6. Bc4 e6 7. Be3 b5 8. Bd3
Bb7 9. f3 Nbd7 10. a3 d5 11. exd5 Nxd5 12. Nxd5 Bxd5 13. O-O Ne5 14. f4 Nxd3
15. Qxd3 Be7 16. Rad1 O-O 17. Qe2 Qc7 18. Qg4 f5 19. Qh5 Rf6 20. Rd2 Rd8 21. c3
Rg6 22. Rfd1 Bf6 23. Nc2 Be4 24. Rxd8+ Bxd8 25. Rd2 Bf6 26. Ne1 e5 27. fxe5
Qxe5 28. Qd1 Bxg2 29. Nxg2 Qxe3+ 30. Kh1 Qc5 0-1

[Event "0MCR_3DE_2L_3S"]
[Site "?"]
[Date "2003.??.??"]
[Round "?"]
[White "Hrubcik, Martin"]
[Black "Mika, Petr"]
[Result "1-0"]
[WhiteElo "2000"]
[BlackElo "1800"]
[PlyCount "47"]
[EventDate "2003.??.??"]
[EventType "corr"]
[EventRounds "2"]
[SourceDate "2004.06.03"]

1. e4 e6 2. f4 d5 3. e5 c5 4. Nf3 Nc6 5. g3 Nge7 6. Bg2 Nf5 7. O-O Be7 8. c3
O-O 9. d3 b5 10. g4 Nh4 11. Nxh4 Bxh4 12. g5 Ne7 13. Qg4 Nf5 14. Nd2 Ne3 15.
Qxh4 Nxf1 16. Nxf1 f6 17. exf6 gxf6 18. f5 fxg5 19. Bxg5 Qd7 20. fxe6 Qxe6 21.
Re1 Qg6 22. Bxd5+ Kh8 23. Ng3 Bf5 24. Bf4 1-0

[Event "0MCR_3DE_2L_3S"]
[Site "?"]
[Date "2003.??.??"]
[Round "?"]
[White "Hrubcik, Martin"]
[Black "Minarik, Petr"]
[Result "1/2-1/2"]
[WhiteElo "2000"]
[BlackElo "1800"]
[PlyCount "48"]
[EventDate "2003.??.??"]
[EventType "corr"]
[EventRounds "2"]
[SourceDate "2004.06.03"]

1. e4 c5 2. Nf3 d6 3. d4 cxd4 4. Nxd4 Nf6 5. Nc3 a6 6. Bc4 e6 7. g4 b5 8. Bd3
b4 9. Nb1 d5 10. Nd2 dxe4 11. Nxe4 Nxg4 12. Qxg4 Qxd4 13. Qf3 Ra7 14. Be3 Qxb2
15. O-O Rd7 16. Rfb1 Qa3 17. Bc1 Qa5 18. a3 b3 19. Bd2 Qc7 20. Rxb3 Nc6 21. Rc3
Nd4 22. Qf4 Qb7 23. Be3 Nf5 24. Rb3 Qc7 1/2-1/2

[Event "0MCR_3DE_2L_3S"]
[Site "?"]
[Date "2003.??.??"]
[Round "?"]
[White "Hrubcik, Martin"]
[Black "Portych, Vaclav"]
[Result "1/2-1/2"]
[WhiteElo "2000"]
[BlackElo "2060"]
[PlyCount "63"]
[EventDate "2003.??.??"]
[EventType "corr"]
[EventRounds "2"]
[SourceDate "2004.06.03"]

1. e4 c5 2. Nf3 Nc6 3. Bb5 g6 4. O-O Bg7 5. c3 e5 6. d4 cxd4 7. cxd4 exd4 8.
Bf4 a6 9. Ba4 b5 10. Bb3 d6 11. a4 b4 12. Ng5 Nh6 13. Nd2 O-O 14. Bd5 Bb7 15.
Nc4 Na5 16. Nxd6 Bxd5 17. exd5 Qb6 18. Qf3 Rad8 19. Qg3 Nb7 20. a5 Nxa5 21.
Rac1 d3 22. Rfd1 Bxb2 23. Qh3 Bg7 24. Ndxf7 Rxf7 25. Nxf7 Nxf7 26. Bc7 Qb5 27.
Bxd8 Nxd8 28. Rc8 Nab7 29. Rxd3 h6 30. Qg3 Kh7 31. Rc7 Nd6 32. Qxd6 1/2-1/2

[Event "0MCR_3DE_2L_3S"]
[Site "?"]
[Date "2003.??.??"]
[Round "?"]
[White "Hrubcik, Martin"]
[Black "Poslusny, Martin"]
[Result "1-0"]
[WhiteElo "2000"]
[BlackElo "1800"]
[PlyCount "111"]
[EventDate "2003.??.??"]
[EventType "corr"]
[EventRounds "2"]
[SourceDate "2004.06.03"]

1. e4 c5 2. Nf3 Nc6 3. Bb5 g6 4. O-O Bg7 5. c3 Nf6 6. Qe2 O-O 7. e5 Nd5 8. d4
cxd4 9. cxd4 d6 10. Rd1 Bg4 11. Qe4 Bxf3 12. Qxf3 dxe5 13. dxe5 e6 14. Bxc6
bxc6 15. Qe2 Qh4 16. Nd2 Nf4 17. Qf3 Nd5 18. Re1 Rad8 19. Re4 Qg5 20. h4 Qf5
21. g4 Qxf3 22. Nxf3 f5 23. gxf5 exf5 24. Ra4 Rd7 25. b3 Nb6 26. Ra5 Rd1+ 27.
Kg2 Rf7 28. Bb2 Rd5 29. Rxd5 Nxd5 30. Rd1 Re7 31. Ba3 Re6 32. Bd6 Nf4+ 33. Kf1
Re8 34. Rc1 Rc8 35. Rc4 Ne6 36. Ra4 Ra8 37. Ra6 Kf7 38. Rxc6 Bh6 39. Ra6 Ke8
40. b4 Kd7 41. a3 Kc8 42. Rc6+ Kb7 43. b5 Rc8 44. Rxc8 Kxc8 45. Ke2 Nf4+ 46.
Kd2 Nh3+ 47. Kc2 Nxf2 48. Bc5 Ne4 49. Bxa7 g5 50. hxg5 Bxg5 51. Nxg5 Nxg5 52.
a4 h5 53. Bf2 Ne4 54. e6 Nd6 55. Kd3 f4 56. Kd4 1-0

[Event "0MCR_3DE_2L_3S"]
[Site "?"]
[Date "2003.??.??"]
[Round "?"]
[White "Hrubcik, Martin"]
[Black "Zednik, Martin"]
[Result "1-0"]
[WhiteElo "1800"]
[BlackElo "1800"]
[PlyCount "111"]
[EventDate "2003.??.??"]
[EventType "corr"]
[EventRounds "2"]
[SourceDate "2004.06.03"]

1. e4 e5 2. f4 exf4 3. Nf3 g5 4. Nc3 g4 5. Ne5 h5 6. Bc4 Qh4+ 7. Kf1 Rh7 8. d4
f3 9. Nd5 fxg2+ 10. Kxg2 Bd6 11. Bd3 Rg7 12. Nc4 Qh3+ 13. Kg1 g3 14. Nxd6+ cxd6
15. Qf3 Nc6 16. Be3 h4 17. Rf1 Rb8 18. c3 gxh2+ 19. Kf2 Rg3 20. Qh5 Nce7 21.
Nf4 Qg4 22. Qxg4 Rxg4 23. Rxh2 b5 24. Rfh1 b4 25. cxb4 Rxb4 26. b3 Bb7 27. Rxh4
Rxh4 28. Rxh4 d5 29. e5 Rb6 30. Nh5 Ba6 31. Bh7 Rc6 32. Rg4 Kf8 33. Rg3 Ng6 34.
Ke1 Bc8 35. Bd2 Bb7 36. Rh3 N6e7 37. Bb4 a5 38. Bc5 f5 39. Bd6 Rc1+ 40. Kd2 Rg1
41. Nf6 Kf7 42. Nxg8 Nxg8 43. Bxf5 Ke8 44. Rh7 Bc6 45. Ke3 Bb5 46. a4 Bc6 47.
Kf4 Rg2 48. Bg4 Rd2 49. Bh5+ Kd8 50. Rh8 Rxd4+ 51. Ke3 Re4+ 52. Kd2 Kc8 53. Bf3
Kb7 54. Bxe4 dxe4 55. Rxg8 Ka7 56. Bc7 1-0

[Event "0MCR_3DE_2L_3S"]
[Site "?"]
[Date "2003.??.??"]
[Round "?"]
[White "Kural, Jaroslav"]
[Black "Glaser, Karel"]
[Result "1/2-1/2"]
[WhiteElo "2000"]
[BlackElo "2080"]
[PlyCount "63"]
[EventDate "2003.??.??"]
[EventType "corr"]
[EventRounds "2"]
[SourceDate "2004.06.03"]

1. e4 e5 2. Nf3 Nc6 3. Bb5 a6 4. Ba4 Nf6 5. O-O Be7 6. Bxc6 dxc6 7. Qe1 Qd6 8.
d4 Nd7 9. dxe5 Nxe5 10. Nxe5 Qxe5 11. Qc3 Qxc3 12. Nxc3 Be6 13. Rd1 Bd6 14. Be3
O-O-O 15. f4 f6 16. a3 Rd7 17. h3 Rhd8 18. g4 h5 19. f5 Bf7 20. Kf2 Be5 21.
Rxd7 Rxd7 22. Kf3 g5 23. fxg6 Bxg6 24. Bf4 Bxc3 25. bxc3 hxg4+ 26. hxg4 Re7 27.
Re1 Kd7 28. Re2 Ke6 29. c4 c5 30. c3 b6 31. Rd2 Rh7 32. Rh2 1/2-1/2

[Event "0MCR_3DE_2L_3S"]
[Site "?"]
[Date "2003.??.??"]
[Round "?"]
[White "Kural, Jaroslav"]
[Black "Mika, Petr"]
[Result "1-0"]
[WhiteElo "2000"]
[BlackElo "1800"]
[PlyCount "65"]
[EventDate "2003.??.??"]
[EventType "corr"]
[EventRounds "2"]
[SourceDate "2004.06.03"]

1. e4 e6 2. d4 d5 3. Nd2 Nf6 4. e5 Nfd7 5. Bd3 c5 6. c3 b6 7. Ne2 Ba6 8. Bxa6
Nxa6 9. O-O b5 10. f4 g6 11. g4 Qb6 12. Nf3 Be7 13. Be3 h5 14. f5 hxg4 15. fxe6
fxe6 16. Ng5 c4 17. a4 b4 18. Qc2 Rg8 19. Nf7 b3 20. Qb1 Nf8 21. Bh6 Kd7 22.
Qd1 Nh7 23. Nf4 g5 24. Nh5 Qb8 25. Qb1 Nf8 26. Nf6+ Bxf6 27. exf6 Kc7 28. Bxf8
Rxf8 29. Qh7 Kb6 30. Rae1 Re8 31. a5+ Kxa5 32. Nd6 Qxd6 33. Qb7 1-0

[Event "0MCR_3DE_2L_3S"]
[Site "?"]
[Date "2003.??.??"]
[Round "?"]
[White "Kural, Jaroslav"]
[Black "Minarik, Petr"]
[Result "1/2-1/2"]
[WhiteElo "2000"]
[BlackElo "1800"]
[PlyCount "35"]
[EventDate "2003.??.??"]
[EventType "corr"]
[EventRounds "2"]
[SourceDate "2004.06.03"]

1. e4 c5 2. Nf3 e6 3. d4 cxd4 4. Nxd4 Nf6 5. Nc3 Nc6 6. Ndb5 Bb4 7. a3 Bxc3+ 8.
Nxc3 d5 9. exd5 exd5 10. Bd3 O-O 11. O-O d4 12. Ne2 Qb6 13. Bg5 Ng4 14. Re1
Nge5 15. Be4 Bg4 16. Qd2 f6 17. Bf4 Rad8 18. Bxe5 1/2-1/2

[Event "0MCR_3DE_2L_3S"]
[Site "?"]
[Date "2003.??.??"]
[Round "?"]
[White "Kural, Jaroslav"]
[Black "Portych, Vaclav"]
[Result "1-0"]
[WhiteElo "2000"]
[BlackElo "2060"]
[PlyCount "83"]
[EventDate "2003.??.??"]
[EventType "corr"]
[EventRounds "2"]
[SourceDate "2004.06.03"]

1. e4 c5 2. Nf3 Nc6 3. d4 cxd4 4. Nxd4 Nf6 5. Nc3 e5 6. Ndb5 d6 7. Bg5 a6 8.
Na3 b5 9. Bxf6 gxf6 10. Nd5 f5 11. Bd3 Be6 12. O-O Bxd5 13. exd5 Ne7 14. c3 Bg7
15. Qh5 Qd7 16. Rad1 Rc8 17. Nc2 O-O 18. g3 e4 19. Be2 f4 20. f3 fxg3 21. hxg3
exf3 22. Bd3 Ng6 23. Ne1 b4 24. Nxf3 bxc3 25. Ng5 h6 26. Nxf7 Ne5 27. Nxe5 Bxe5
28. Bf5 Rxf5 29. Rxf5 c2 30. Rc1 Qg7 31. Kh1 Bxb2 32. Rxc2 Rxc2 33. Qe8+ Kh7
34. Rf7 Be5 35. Qf8 Rc1+ 36. Kg2 Rc2+ 37. Kh3 Rxa2 38. Rxg7+ Bxg7 39. Qxd6 Rf2
40. Qe7 Kg6 41. Qe8+ Kh7 42. d6 1-0

[Event "0MCR_3DE_2L_3S"]
[Site "?"]
[Date "2003.??.??"]
[Round "?"]
[White "Kural, Jaroslav"]
[Black "Poslusny, Martin"]
[Result "1-0"]
[WhiteElo "2000"]
[BlackElo "1800"]
[PlyCount "73"]
[EventDate "2003.??.??"]
[EventType "corr"]
[EventRounds "2"]
[SourceDate "2004.06.03"]

1. e4 c5 2. Nf3 Nc6 3. d4 cxd4 4. Nxd4 Qb6 5. Nb3 Nf6 6. Nc3 e6 7. Bd3 a6 8.
O-O Qc7 9. f4 d6 10. Qf3 Be7 11. Be3 O-O 12. a3 Nd7 13. Qh3 b5 14. e5 f5 15.
exf6 Nxf6 16. Nd4 Qd7 17. Ne4 h6 18. Qg3 Nh5 19. Qg6 Nxd4 20. Nc5 dxc5 21. Qh7+
Kf7 22. Bg6+ Kf6 23. Bxh5 Bd6 24. Bf2 Nf5 25. g4 Ke7 26. gxf5 Kd8 27. Bf3 Rb8
28. Rad1 Rxf5 29. Rxd6 Qxd6 30. Rd1 Rd5 31. Bxd5 exd5 32. f5 Qf6 33. Qg8+ Kc7
34. Qxd5 Bxf5 35. Bg3+ Kb6 36. Bxb8 Bxc2 37. Rc1 1-0

[Event "0MCR_3DE_2L_3S"]
[Site "?"]
[Date "2003.??.??"]
[Round "?"]
[White "Kural, Jaroslav"]
[Black "Zednik, Martin"]
[Result "1/2-1/2"]
[WhiteElo "2000"]
[BlackElo "1800"]
[PlyCount "98"]
[EventDate "2003.??.??"]
[EventType "corr"]
[EventRounds "2"]
[SourceDate "2004.06.03"]

1. e4 e5 2. Nf3 Nc6 3. Bb5 a6 4. Ba4 Nf6 5. O-O Be7 6. Bxc6 dxc6 7. Qe1 Nd7 8.
b3 O-O 9. Bb2 Bd6 10. d4 exd4 11. Bxd4 f6 12. Nbd2 Qe7 13. Nc4 b5 14. Nxd6 cxd6
15. Bb2 Re8 16. Nd4 Qxe4 17. Qxe4 Rxe4 18. Nxc6 Bb7 19. f3 Re2 20. Nd4 Re5 21.
Rfe1 Nb6 22. Ne2 Re6 23. Nf4 Rxe1+ 24. Rxe1 Rc8 25. Bd4 Nd5 26. Nxd5 Bxd5 27.
Re2 Kf7 28. a3 a5 29. Kf2 Be6 30. Rd2 h5 31. h4 a4 32. bxa4 bxa4 33. Ke1 g5 34.
hxg5 fxg5 35. Kd1 Rc6 36. Be3 g4 37. fxg4 Bxg4+ 38. Kc1 Bf5 39. Bd4 h4 40. Rf2
Kg6 41. c3 d5 42. Rf4 Kg5 43. Be3 Rxc3+ 44. Kd2 Rb3 45. Rxa4+ Kh5 46. Bf2 Be4
47. Ra8 Kg4 48. Rh8 Rxa3 49. Rxh4+ Kg5 1/2-1/2

[Event "0MCR_3DE_2L_3S"]
[Site "?"]
[Date "2003.??.??"]
[Round "?"]
[White "Mika, Petr"]
[Black "Glaser, Karel"]
[Result "1-0"]
[WhiteElo "1800"]
[BlackElo "2080"]
[PlyCount "61"]
[EventDate "2003.??.??"]
[EventType "corr"]
[EventRounds "2"]
[SourceDate "2004.06.03"]

1. d4 Nf6 2. Bg5 e6 3. Nd2 d5 4. e3 Be7 5. Ngf3 Nbd7 6. Bd3 c5 7. c3 Qc7 8. O-O
O-O 9. e4 cxd4 10. cxd4 dxe4 11. Nxe4 h6 12. Bh4 b6 13. Rc1 Qd8 14. Bg3 Nd5 15.
a3 Bb7 16. Nd6 Bxd6 17. Bxd6 Re8 18. Re1 Rc8 19. Qe2 Rxc1 20. Rxc1 e5 21. dxe5
Nf4 22. Qd2 Nxe5 23. Bxe5 Nxd3 24. Bc7 Qd7 25. Rc3 Bxf3 26. Rxd3 Qxc7 27. gxf3
Re6 28. Rd4 Qc6 29. Qc3 Rg6+ 30. Rg4 Rd6 31. Qxg7# 1-0

[Event "0MCR_3DE_2L_3S"]
[Site "?"]
[Date "2003.??.??"]
[Round "?"]
[White "Mika, Petr"]
[Black "Hrubcik, Martin"]
[Result "1/2-1/2"]
[WhiteElo "1800"]
[BlackElo "2000"]
[PlyCount "55"]
[EventDate "2003.??.??"]
[EventType "corr"]
[EventRounds "2"]
[SourceDate "2004.06.03"]

1. d4 d5 2. Nf3 Nf6 3. e3 c5 4. Nbd2 e6 5. c3 Nc6 6. Bd3 Bd6 7. O-O O-O 8. dxc5
Bxc5 9. e4 Qc7 10. Qc2 Re8 11. Re1 Bd7 12. Nb3 Bd6 13. exd5 exd5 14. Bg5 Ne4
15. Bxe4 dxe4 16. Rxe4 Ne5 17. Nfd4 Ng4 18. g3 Rxe4 19. Qxe4 Re8 20. Qc2 h6 21.
Bd2 a5 22. Re1 Rxe1+ 23. Bxe1 a4 24. Nd2 Bc5 25. N2f3 Ne5 26. Bd2 Qd6 27. Nxe5
Qxe5 28. Qd3 1/2-1/2